[Event "DVM U16w 2023"]
[Site "Magdeburg GER"]
[Date "2023.12.28"]
[Round "3"]
[White "Reddi, Bhuvana"]
[Black "Bakó, Isabella"]
[Result "1-0"]
[Termination "normal"]
[Board "8.1"]
[WhiteElo "1565"]
[BlackElo "1399"]
[WhiteClock "01:15:42"]
[BlackClock "00:15:24"]
[WhiteTeam "SC Weisse Dame"]
[BlackTeam "SV Stuttgart-Wolfbusch 1956"]
[PlyCount "167"]
[WhiteFideId "16287002"]
[BlackFideId "16287266"]
[EventCountry "GER"]
[EventRounds "7"]
[EventType "team-swiss"]
[EventDate "2023.12.26"]

1. e4 {[%clk 01:30:58]} c5 {[%clk 01:30:43]} {[%emt 00:00:18]} 2. Nf3 {[%clk
01:31:23]} {[%emt 00:00:05]} d6 {[%clk 01:30:51]} {[%emt 00:00:22]} 3. d4
{[%clk 01:31:49]} {[%emt 00:00:04]} cxd4 {[%clk 01:31:15]} {[%emt 00:00:06]} 4.
Nxd4 {[%clk 01:32:14]} {[%emt 00:00:04]} Nf6 {[%clk 01:31:36]} {[%emt
00:00:09]} 5. Nc3 {[%clk 01:32:40]} {[%emt 00:00:06]} g6 {[%clk 01:31:45]}
{[%emt 00:00:20]} 6. Be3 {[%clk 01:33:04]} {[%emt 00:00:06]} Bg7 {[%clk
01:32:00]} {[%emt 00:00:14]} 7. f3 {[%clk 01:33:32]} {[%emt 00:00:04]} O-O
{[%clk 01:32:17]} {[%emt 00:00:11]} 8. Qd2 {[%clk 01:33:58]} {[%emt 00:00:05]}
Nc6 {[%clk 01:32:34]} {[%emt 00:00:13]} 9. O-O-O {[%clk 01:34:18]} {[%emt
00:00:10]} Nxd4 {[%clk 01:32:23]} {[%emt 00:00:40]} 10. Bxd4 {[%clk 01:34:38]}
{[%emt 00:00:11]} Be6 {[%clk 01:32:35]} {[%emt 00:00:19]} 11. Kb1 {[%clk
01:35:03]} {[%emt 00:00:05]} Qc7 {[%clk 01:31:08]} {[%emt 00:01:56]} 12. g4
{[%clk 01:35:28]} {[%emt 00:00:05]} Rfc8 {[%clk 01:31:14]} {[%emt 00:00:25]}
13. h4 {[%clk 01:35:54]} {[%emt 00:00:04]} Qa5 {[%clk 01:27:53]} {[%emt
00:03:51]} 14. a3 {[%clk 01:36:18]} {[%emt 00:00:07]} b5 {[%clk 01:17:44]}
{[%emt 00:10:38]} 15. Nxb5 {[%clk 01:36:04]} {[%emt 00:00:44]} Qd8 {[%clk
01:14:36]} {[%emt 00:03:38]} 16. h5 {[%clk 01:34:34]} {[%emt 00:02:00]} a6
{[%clk 01:11:16]} {[%emt 00:03:52]} 17. Nc3 {[%clk 01:34:44]} {[%emt 00:00:18]}
Rab8 {[%clk 00:58:28]} {[%emt 00:13:18]} 18. h6 {[%clk 01:34:45]} {[%emt
00:00:28]} Bh8 {[%clk 00:55:12]} {[%emt 00:03:46]} 19. g5 {[%clk 01:29:39]}
{[%emt 00:05:36]} Nd7 {[%clk 00:39:57]} {[%emt 00:15:46]} 20. Bxh8 {[%clk
01:27:26]} {[%emt 00:02:42]} Kxh8 {[%clk 00:37:05]} {[%emt 00:03:22]} 21. Qd4+
{[%clk 01:26:41]} {[%emt 00:01:16]} f6 {[%clk 00:35:42]} {[%emt 00:01:53]} 22.
Nd5 {[%clk 01:23:25]} {[%emt 00:03:45]} Bxd5 {[%clk 00:34:26]} {[%emt
00:01:46]} 23. exd5 {[%clk 01:19:08]} {[%emt 00:04:47]} Qa5 {[%clk 00:33:28]}
{[%emt 00:01:28]} 24. Bh3 {[%clk 01:17:35]} {[%emt 00:02:02]} Rc7 {[%clk
00:22:06]} {[%emt 00:11:53]} 25. Bxd7 {[%clk 01:16:17]} {[%emt 00:01:48]} Rxd7
{[%clk 00:15:23]} {[%emt 00:07:12]} 26. gxf6 {[%clk 01:14:50]} {[%emt
00:01:58]} exf6 {[%clk 00:13:05]} {[%emt 00:02:49]} 27. Qxf6+ {[%clk 01:15:07]}
{[%emt 00:00:12]} Kg8 {[%clk 00:13:26]} {[%emt 00:00:09]} 28. Qe6+ {[%clk
01:13:53]} {[%emt 00:01:45]} Rf7 {[%clk 00:13:46]} {[%emt 00:00:09]} 29. Qxd6
{[%clk 01:13:58]} {[%emt 00:00:25]} Rfb7 {[%clk 00:12:59]} {[%emt 00:01:18]}
30. Qe6+ {[%clk 01:04:31]} {[%emt 00:09:57]} Kh8 {[%clk 00:12:33]} {[%emt
00:00:55]} 31. Qf6+ {[%clk 01:03:41]} {[%emt 00:01:20]} Kg8 {[%clk 00:12:03]}
{[%emt 00:01:01]} 32. Rd3 {[%clk 01:03:59]} {[%emt 00:00:12]} Qc7 {[%clk
00:06:55]} {[%emt 00:05:37]} 33. d6 {[%clk 01:03:48]} {[%emt 00:00:43]} Qd7
{[%clk 00:06:05]} {[%emt 00:01:17]} 34. Re1 {[%clk 01:03:40]} {[%emt 00:00:39]}
Rf8 {[%clk 00:05:17]} {[%emt 00:01:19]} 35. Qd4 {[%clk 01:02:36]} {[%emt
00:01:33]} Rf7 {[%clk 00:04:55]} {[%emt 00:00:53]} 36. Qe5 {[%clk 01:02:21]}
{[%emt 00:00:45]} Ra7 {[%clk 00:03:25]} {[%emt 00:02:00]} 37. Qe8+ {[%clk
01:02:21]} {[%emt 00:00:30]} Rf8 {[%clk 00:03:28]} {[%emt 00:00:26]} 38. Qxd7
{[%clk 01:00:58]} {[%emt 00:01:54]} Rxd7 {[%clk 00:03:53]} {[%emt 00:00:05]}
39. Re7 {[%clk 01:01:05]} {[%emt 00:00:22]} Rxe7 {[%clk 00:03:35]} {[%emt
00:00:48]} 40. dxe7 {[%clk 01:01:28]} {[%emt 00:00:08]} Re8 {[%clk 00:04:00]}
{[%emt 00:00:04]} 41. Rd8 {[%clk 01:01:52]} {[%emt 00:00:06]} Kf7 {[%clk
00:04:17]} {[%emt 00:00:13]} 42. Rxe8 {[%clk 01:02:18]} {[%emt 00:00:05]} Kxe8
{[%clk 00:04:40]} {[%emt 00:00:07]} 43. c4 {[%clk 01:02:44]} {[%emt 00:00:04]}
Kxe7 {[%clk 00:05:04]} {[%emt 00:00:05]} 44. Kc2 {[%clk 01:03:06]} {[%emt
00:00:09]} Kd6 {[%clk 00:05:13]} {[%emt 00:00:20]} 45. Kd3 {[%clk 01:03:24]}
{[%emt 00:00:13]} Ke5 {[%clk 00:05:28]} {[%emt 00:00:15]} 46. c5 {[%clk
01:03:43]} {[%emt 00:00:11]} Kd5 {[%clk 00:05:42]} {[%emt 00:00:15]} 47. b4
{[%clk 01:04:07]} {[%emt 00:00:06]} a5 {[%clk 00:05:17]} {[%emt 00:00:56]} 48.
Ke3 {[%clk 01:04:27]} {[%emt 00:00:09]} axb4 {[%clk 00:05:02]} {[%emt
00:00:46]} 49. axb4 {[%clk 01:04:54]} {[%emt 00:00:04]} Ke5 {[%clk 00:05:20]}
{[%emt 00:00:11]} 50. c6 {[%clk 01:05:19]} {[%emt 00:00:06]} Kd6 {[%clk
00:05:46]} {[%emt 00:00:04]} 51. b5 {[%clk 01:05:46]} {[%emt 00:00:03]} Kc7
{[%clk 00:05:52]} {[%emt 00:00:24]} 52. Ke4 {[%clk 01:06:10]} {[%emt 00:00:06]}
Kd6 {[%clk 00:06:16]} {[%emt 00:00:05]} 53. f4 {[%clk 01:06:31]} {[%emt
00:00:09]} Kc7 {[%clk 00:06:38]} {[%emt 00:00:09]} 54. Ke5 {[%clk 01:06:59]}
{[%emt 00:00:02]} Kd8 {[%clk 00:06:34]} {[%emt 00:00:34]} 55. b6 {[%clk
01:07:22]} {[%emt 00:00:07]} Kc8 {[%clk 00:06:52]} {[%emt 00:00:09]} 56. Kf6
{[%clk 01:07:44]} {[%emt 00:00:09]} Kd8 {[%clk 00:07:16]} {[%emt 00:00:06]} 57.
Kg7 {[%clk 01:08:06]} {[%emt 00:00:09]} Kc8 {[%clk 00:07:16]} {[%emt 00:00:29]}
58. Kxh7 {[%clk 01:08:25]} {[%emt 00:00:11]} Kd8 {[%clk 00:07:24]} {[%emt
00:00:22]} 59. Kxg6 {[%clk 01:08:48]} {[%emt 00:00:08]} Ke8 {[%clk 00:07:25]}
{[%emt 00:00:28]} 60. h7 {[%clk 01:09:13]} {[%emt 00:00:06]} Ke7 {[%clk
00:07:42]} {[%emt 00:00:13]} 61. h8=Q {[%clk 01:09:16]} {[%emt 00:00:26]} Kd6
{[%clk 00:07:56]} {[%emt 00:00:15]} 62. Qf6+ {[%clk 01:09:31]} {[%emt
00:00:16]} Kd5 {[%clk 00:08:16]} {[%emt 00:00:11]} 63. c7 {[%clk 01:09:44]}
{[%emt 00:00:16]} Ke4 {[%clk 00:08:05]} {[%emt 00:00:42]} 64. c8=N {[%clk
01:10:02]} {[%emt 00:00:13]} Kd5 {[%clk 00:08:19]} {[%emt 00:00:15]} 65. b7
{[%clk 01:10:20]} {[%emt 00:00:13]} Kc5 {[%clk 00:08:35]} {[%emt 00:00:12]} 66.
b8=N {[%clk 01:10:40]} {[%emt 00:00:10]} Kd5 {[%clk 00:08:59]} {[%emt
00:00:06]} 67. Qd6+ {[%clk 01:10:59]} {[%emt 00:00:11]} Ke4 {[%clk 00:09:23]}
{[%emt 00:00:06]} 68. f5 {[%clk 01:11:11]} {[%emt 00:00:19]} Ke3 {[%clk
00:09:38]} {[%emt 00:00:14]} 69. f6 {[%clk 01:11:35]} {[%emt 00:00:06]} Kf3
{[%clk 00:09:59]} {[%emt 00:00:11]} 70. f7 {[%clk 01:11:58]} {[%emt 00:00:06]}
Ke4 {[%clk 00:10:26]} {[%emt 00:00:03]} 71. f8=N {[%clk 01:12:12]} {[%emt
00:00:17]} Ke3 {[%clk 00:10:51]} {[%emt 00:00:04]} 72. Qb4 {[%clk 01:12:31]}
{[%emt 00:00:10]} Kd3 {[%clk 00:11:08]} {[%emt 00:00:13]} 73. Kf5 {[%clk
01:12:24]} {[%emt 00:00:37]} Ke3 {[%clk 00:11:31]} {[%emt 00:00:08]} 74. Nfd7
{[%clk 01:12:45]} {[%emt 00:00:08]} Kd3 {[%clk 00:11:54]} {[%emt 00:00:07]} 75.
Qe4+ {[%clk 01:12:53]} {[%emt 00:00:22]} Kc3 {[%clk 00:12:19]} {[%emt
00:00:05]} 76. Ndb6 {[%clk 01:13:10]} {[%emt 00:00:13]} Kd2 {[%clk 00:12:38]}
{[%emt 00:00:11]} 77. Qf3 {[%clk 01:13:33]} {[%emt 00:00:07]} Kc2 {[%clk
00:12:59]} {[%emt 00:00:09]} 78. Ke4 {[%clk 01:13:53]} {[%emt 00:00:08]} Kb2
{[%clk 00:13:14]} {[%emt 00:00:16]} 79. Qd3 {[%clk 01:14:07]} {[%emt 00:00:16]}
Ka1 {[%clk 00:13:38]} {[%emt 00:00:07]} 80. Qd2 {[%clk 01:14:14]} {[%emt
00:00:19]} Kb1 {[%clk 00:14:05]} {[%emt 00:00:06]} 81. Kd3 {[%clk 01:14:31]}
{[%emt 00:00:13]} Ka1 {[%clk 00:14:32]} {[%emt 00:00:03]} 82. Kc3 {[%clk
01:14:52]} {[%emt 00:00:08]} Kb1 {[%clk 00:14:58]} {[%emt 00:00:05]} 83. Na8
{[%clk 01:15:17]} {[%emt 00:00:05]} Ka1 {[%clk 00:15:24]} {[%emt 00:00:04]} 84.
Qb2# {[%clk 01:15:42]} {[%emt 00:00:05]} 1-0

[Event "DVM U16w 2023"]
[Site "Magdeburg GER"]
[Date "2023.12.28"]
[Round "3"]
[White "Friedrich, Viktoria"]
[Black "Kremling, Alamea"]
[Result "0-1"]
[Termination "normal"]
[Board "8.4"]
[WhiteElo "748"]
[BlackElo "1006"]
[WhiteClock "01:12:37"]
[BlackClock "01:20:11"]
[WhiteTeam "SV Stuttgart-Wolfbusch 1956"]
[BlackTeam "SC Weisse Dame"]
[PlyCount "38"]
[WhiteFideId "34654569"]
[BlackFideId "34630228"]
[EventCountry "GER"]
[EventRounds "7"]
[EventType "team-swiss"]
[EventDate "2023.12.26"]

1. e4 {[%clk 01:30:57]} {[%emt 00:00:02]} e5 {[%clk 01:30:48]} {[%emt
00:00:11]} 2. Nf3 {[%clk 01:31:21]} {[%emt 00:00:06]} Nc6 {[%clk 01:31:08]}
{[%emt 00:00:10]} 3. Nc3 {[%clk 01:31:43]} {[%emt 00:00:08]} Nf6 {[%clk
01:31:22]} {[%emt 00:00:15]} 4. d3 {[%clk 01:31:49]} {[%emt 00:00:25]} d6
{[%clk 01:30:26]} {[%emt 00:01:27]} 5. Bg5 {[%clk 01:32:01]} {[%emt 00:00:18]}
Be7 {[%clk 01:27:48]} {[%emt 00:03:07]} 6. Be2 {[%clk 01:32:13]} {[%emt
00:00:19]} Be6 {[%clk 01:26:32]} {[%emt 00:01:45]} 7. O-O {[%clk 01:31:46]}
{[%emt 00:00:58]} Qd7 {[%clk 01:24:26]} {[%emt 00:02:37]} 8. Nd5 {[%clk
01:28:58]} {[%emt 00:03:18]} Nxd5 {[%clk 01:23:22]} {[%emt 00:01:33]} 9. Bxe7
{[%clk 01:27:02]} {[%emt 00:02:27]} Ndxe7 {[%clk 01:23:40]} {[%emt 00:00:12]}
10. Ng5 {[%clk 01:26:24]} {[%emt 00:01:07]} O-O-O {[%clk 01:23:23]} {[%emt
00:00:46]} 11. Qd2 {[%clk 01:23:48]} {[%emt 00:03:07]} f6 {[%clk 01:23:21]}
{[%emt 00:00:32]} 12. Nf3 {[%clk 01:21:59]} {[%emt 00:02:18]} h5 {[%clk
01:22:43]} {[%emt 00:01:10]} 13. b3 {[%clk 01:15:27]} {[%emt 00:07:03]} h4
{[%clk 01:22:20]} {[%emt 00:00:52]} 14. h3 {[%clk 01:15:37]} {[%emt 00:00:19]}
g5 {[%clk 01:22:12]} {[%emt 00:00:38]} 15. a4 {[%clk 01:14:46]} {[%emt
00:01:21]} g4 {[%clk 01:22:06]} {[%emt 00:00:36]} 16. a5 {[%clk 01:13:48]}
{[%emt 00:01:28]} gxh3 {[%clk 01:19:56]} {[%emt 00:02:40]} 17. gxh3 {[%clk
01:13:56]} {[%emt 00:00:22]} Bxh3 {[%clk 01:19:52]} {[%emt 00:00:34]} 18. d4
{[%clk 01:12:34]} {[%emt 00:01:53]} Qg4+ {[%clk 01:19:53]} {[%emt 00:00:29]}
19. Kh2 {[%clk 01:12:37]} {[%emt 00:00:26]} Qg2# {[%clk 01:20:11]} {[%emt
00:00:12]} 0-1

[Event "DVM U16w 2023"]
[Site "Magdeburg GER"]
[Date "2023.12.28"]
[Round "3"]
[White "Lohrmann, Flavia"]
[Black "Göb, Franziska"]
[Result "0-1"]
[Termination "normal"]
[Board "9.1"]
[WhiteElo "1096"]
[BlackElo "1316"]
[WhiteClock "01:02:21"]
[BlackClock "00:25:58"]
[WhiteTeam "SK Freiburg-Zähringen 1887"]
[BlackTeam "SG Porz 2"]
[PlyCount "94"]
[WhiteFideId "12982865"]
[BlackFideId "16293177"]
[EventCountry "GER"]
[EventRounds "7"]
[EventType "team-swiss"]
[EventDate "2023.12.26"]

1. e4 {[%clk 01:30:58]} {[%emt 00:00:02]} e5 {[%clk 01:30:56]} {[%emt
00:00:05]} 2. Nf3 {[%clk 01:31:24]} {[%emt 00:00:04]} Nc6 {[%clk 01:31:22]}
{[%emt 00:00:04]} 3. Bc4 {[%clk 01:31:37]} {[%emt 00:00:17]} Bc5 {[%clk
01:31:33]} {[%emt 00:00:19]} 4. Nc3 {[%clk 01:31:53]} {[%emt 00:00:15]} Nf6
{[%clk 01:31:25]} {[%emt 00:00:37]} 5. h3 {[%clk 01:32:11]} {[%emt 00:00:12]}
O-O {[%clk 01:30:42]} {[%emt 00:01:13]} 6. d3 {[%clk 01:32:31]} {[%emt
00:00:10]} h6 {[%clk 01:31:04]} {[%emt 00:00:09]} 7. a3 {[%clk 01:32:15]}
{[%emt 00:00:46]} a5 {[%clk 01:29:42]} {[%emt 00:01:52]} 8. O-O {[%clk
01:31:25]} {[%emt 00:01:19]} d6 {[%clk 01:29:37]} {[%emt 00:00:36]} 9. Re1
{[%clk 01:31:33]} {[%emt 00:00:21]} Be6 {[%clk 01:29:36]} {[%emt 00:00:31]} 10.
Bb3 {[%clk 01:27:34]} {[%emt 00:04:29]} Bxb3 {[%clk 01:24:50]} {[%emt
00:05:17]} 11. cxb3 {[%clk 01:27:52]} {[%emt 00:00:11]} Re8 {[%clk 01:23:36]}
{[%emt 00:01:45]} 12. Be3 {[%clk 01:26:28]} {[%emt 00:01:54]} Bxe3 {[%clk
01:16:28]} {[%emt 00:07:38]} 13. fxe3 {[%clk 01:23:20]} {[%emt 00:03:38]} Qd7
{[%clk 01:14:26]} {[%emt 00:02:32]} 14. d4 {[%clk 01:22:50]} {[%emt 00:01:00]}
Rad8 {[%clk 01:12:44]} {[%emt 00:02:11]} 15. d5 {[%clk 01:22:00]} {[%emt
00:01:22]} Ne7 {[%clk 01:11:01]} {[%emt 00:02:13]} 16. b4 {[%clk 01:21:39]}
{[%emt 00:00:50]} axb4 {[%clk 01:10:14]} {[%emt 00:01:16]} 17. axb4 {[%clk
01:21:59]} {[%emt 00:00:10]} Ra8 {[%clk 01:09:35]} {[%emt 00:01:10]} 18. Rc1
{[%clk 01:22:13]} {[%emt 00:00:16]} Ng6 {[%clk 01:08:05]} {[%emt 00:02:00]} 19.
Qd3 {[%clk 01:22:26]} {[%emt 00:00:18]} Rac8 {[%clk 01:00:25]} {[%emt
00:08:08]} 20. Ne2 {[%clk 01:19:39]} {[%emt 00:03:18]} Qa4 {[%clk 00:56:46]}
{[%emt 00:04:01]} 21. b5 {[%clk 01:19:33]} {[%emt 00:00:44]} Qxe4 {[%clk
00:55:23]} {[%emt 00:01:53]} 22. Qb3 {[%clk 01:18:05]} {[%emt 00:01:59]} Qxd5
{[%clk 00:48:46]} {[%emt 00:07:07]} 23. Qb4 {[%clk 01:17:00]} {[%emt 00:01:35]}
e4 {[%clk 00:44:13]} {[%emt 00:05:02]} 24. Red1 {[%clk 01:16:18]} {[%emt
00:01:14]} Qe6 {[%clk 00:37:30]} {[%emt 00:07:06]} 25. Nfd4 {[%clk 01:12:59]}
{[%emt 00:03:56]} Qe5 {[%clk 00:33:41]} {[%emt 00:04:15]} 26. Rf1 {[%clk
01:11:45]} {[%emt 00:01:47]} Nd5 {[%clk 00:29:04]} {[%emt 00:05:06]} 27. Qb3
{[%clk 01:09:31]} {[%emt 00:02:45]} Nf6 {[%clk 00:27:11]} {[%emt 00:02:20]} 28.
Rf5 {[%clk 01:08:48]} {[%emt 00:01:15]} Qe7 {[%clk 00:26:38]} {[%emt 00:01:01]}
29. Ng3 {[%clk 01:06:28]} {[%emt 00:02:53]} Nf8 {[%clk 00:22:55]} {[%emt
00:04:14]} 30. Rcf1 {[%clk 01:03:07]} {[%emt 00:03:51]} Ne6 {[%clk 00:21:13]}
{[%emt 00:02:11]} 31. Nxe6 {[%clk 00:53:48]} {[%emt 00:09:49]} Qxe6 {[%clk
00:20:33]} {[%emt 00:01:10]} 32. Qd1 {[%clk 00:53:56]} {[%emt 00:00:22]} Re7
{[%clk 00:18:38]} {[%emt 00:02:24]} 33. Qd4 {[%clk 00:44:18]} {[%emt 00:10:08]}
Rce8 {[%clk 00:17:11]} {[%emt 00:01:56]} 34. R5f4 {[%clk 00:40:51]} {[%emt
00:03:59]} Qe5 {[%clk 00:16:01]} {[%emt 00:01:39]} 35. Nf5 {[%clk 00:40:17]}
{[%emt 00:01:05]} Re6 {[%clk 00:12:02]} {[%emt 00:04:27]} 36. Qd2 {[%clk
00:40:13]} {[%emt 00:00:36]} Nd7 {[%clk 00:10:34]} {[%emt 00:01:56]} 37. Qf2
{[%clk 00:39:49]} {[%emt 00:00:55]} Rf8 {[%clk 00:09:42]} {[%emt 00:01:22]} 38.
Qg3 {[%clk 00:38:55]} {[%emt 00:01:25]} g5 {[%clk 00:07:48]} {[%emt 00:02:22]}
39. Qg4 {[%clk 00:37:39]} {[%emt 00:01:47]} Rg6 {[%clk 00:05:21]} {[%emt
00:02:56]} 40. R4f2 {[%clk 00:36:21]} {[%emt 00:01:50]} Nf6 {[%clk 00:03:46]}
{[%emt 00:02:04]} 41. Qg3 {[%clk 00:34:27]} {[%emt 00:02:25]} Qxg3 {[%clk
00:02:45]} {[%emt 00:01:30]} 42. Nxg3 {[%clk 00:34:48]} {[%emt 00:00:09]} Nd5
{[%clk 00:01:14]} {[%emt 00:01:59]} 43. Nf5 {[%clk 00:34:17]} {[%emt 00:01:04]}
Re6 {[%clk 00:29:45]} {[%emt 00:01:57]} 44. Rd2 {[%clk 01:03:54]} {[%emt
00:00:54]} Ne7 {[%clk 00:27:47]} {[%emt 00:02:29]} 45. Nd4 {[%clk 01:03:30]}
{[%emt 00:00:54]} Re5 {[%clk 00:27:28]} {[%emt 00:00:48]} 46. b4 {[%clk
01:02:44]} {[%emt 00:01:17]} f5 {[%clk 00:26:28]} {[%emt 00:01:29]} 47. Rc2
{[%clk 01:02:21]} {[%emt 00:00:54]} Nd5 {[%clk 00:25:58]} {[%emt 00:00:57]} *

[Event "DVM U16w 2023"]
[Site "Magdeburg GER"]
[Date "2023.12.28"]
[Round "3"]
[White "Vogt, Luna"]
[Black "Nehrukumar, Snikitha"]
[Result "1-0"]
[Termination "normal"]
[Board "9.2"]
[WhiteElo "1347"]
[BlackElo "1019"]
[WhiteClock "00:12:31"]
[BlackClock "00:26:19"]
[WhiteTeam "SG Porz 2"]
[BlackTeam "SK Freiburg-Zähringen 1887"]
[PlyCount "100"]
[WhiteFideId "34607153"]
[BlackFideId "34660569"]
[EventCountry "GER"]
[EventRounds "7"]
[EventType "team-swiss"]
[EventDate "2023.12.26"]

1. d4 {[%emt 00:00:08]} d5 {[%clk 01:30:41]} {[%emt 00:00:14]} 2. c4 {[%clk
01:31:17]} {[%emt 00:00:10]} e6 {[%clk 01:30:35]} {[%emt 00:00:37]} 3. Nc3
{[%clk 01:31:41]} {[%emt 00:00:05]} Nc6 {[%clk 01:30:44]} {[%emt 00:00:20]} 4.
Nf3 {[%clk 01:32:00]} {[%emt 00:00:12]} Nf6 {[%clk 01:30:50]} {[%emt 00:00:24]}
5. cxd5 {[%clk 01:32:15]} {[%emt 00:00:15]} exd5 {[%clk 01:30:19]} {[%emt
00:01:02]} 6. Bg5 {[%clk 01:32:36]} {[%emt 00:00:09]} Be7 {[%clk 01:30:34]}
{[%emt 00:00:15]} 7. e3 {[%clk 01:32:54]} {[%emt 00:00:11]} h6 {[%clk
01:30:19]} {[%emt 00:00:45]} 8. Bh4 {[%clk 01:33:12]} {[%emt 00:00:12]} Ne4
{[%clk 01:30:00]} {[%emt 00:00:49]} 9. Bxe7 {[%clk 01:32:56]} {[%emt 00:00:46]}
Nxe7 {[%clk 01:29:49]} {[%emt 00:00:42]} 10. Qc2 {[%clk 01:32:47]} {[%emt
00:00:39]} Nxc3 {[%clk 01:28:33]} {[%emt 00:01:46]} 11. Qxc3 {[%clk 01:33:01]}
{[%emt 00:00:15]} Bf5 {[%clk 01:28:09]} {[%emt 00:00:54]} 12. Be2 {[%clk
01:32:34]} {[%emt 00:00:57]} O-O {[%clk 01:28:15]} {[%emt 00:00:25]} 13. O-O
{[%clk 01:32:55]} {[%emt 00:00:09]} Qd6 {[%clk 01:27:54]} {[%emt 00:00:52]} 14.
Rfc1 {[%clk 01:30:58]} {[%emt 00:02:27]} Rac8 {[%clk 01:25:54]} {[%emt
00:02:30]} 15. Qa5 {[%clk 01:28:21]} {[%emt 00:03:06]} a6 {[%clk 01:23:45]}
{[%emt 00:02:39]} 16. Nd2 {[%clk 01:27:52]} {[%emt 00:00:58]} c6 {[%clk
01:21:30]} {[%emt 00:02:46]} 17. Nb3 {[%clk 01:27:39]} {[%emt 00:00:43]} Qg6
{[%clk 01:20:19]} {[%emt 00:01:42]} 18. Kh1 {[%clk 01:24:49]} {[%emt 00:03:19]}
Kh8 {[%clk 01:17:39]} {[%emt 00:03:09]} 19. Qb4 {[%clk 01:24:24]} {[%emt
00:00:55]} Rc7 {[%clk 01:16:09]} {[%emt 00:02:01]} 20. Nc5 {[%clk 01:24:27]}
{[%emt 00:00:28]} Qd6 {[%clk 01:11:00]} {[%emt 00:05:35]} 21. Qe1 {[%clk
01:23:30]} {[%emt 00:01:29]} Ng8 {[%clk 01:07:04]} {[%emt 00:04:26]} 22. Rc3
{[%clk 01:22:56]} {[%emt 00:01:04]} Nf6 {[%clk 01:06:48]} {[%emt 00:00:47]} 23.
f3 {[%clk 01:22:13]} {[%emt 00:01:13]} Nd7 {[%clk 01:05:11]} {[%emt 00:02:08]}
24. Rac1 {[%clk 01:20:21]} {[%emt 00:02:21]} Nxc5 {[%clk 01:04:53]} {[%emt
00:00:48]} 25. Rxc5 {[%clk 01:20:01]} {[%emt 00:00:50]} Qe7 {[%clk 01:02:28]}
{[%emt 00:02:51]} 26. Qd2 {[%clk 01:17:14]} {[%emt 00:03:20]} Qg5 {[%clk
01:01:34]} {[%emt 00:01:25]} 27. Rxd5 {[%clk 01:14:19]} {[%emt 00:03:26]} cxd5
{[%clk 01:00:21]} {[%emt 00:01:43]} 28. Rxc7 {[%clk 01:14:42]} {[%emt
00:00:06]} b5 {[%clk 01:00:04]} {[%emt 00:00:47]} 29. Qc1 {[%clk 01:11:31]}
{[%emt 00:03:40]} Re8 {[%clk 00:56:36]} {[%emt 00:03:58]} 30. Rc3 {[%clk
01:10:27]} {[%emt 00:01:35]} Qh4 {[%clk 00:55:45]} {[%emt 00:01:19]} 31. Kg1
{[%clk 01:09:28]} {[%emt 00:01:29]} Re6 {[%clk 00:54:16]} {[%emt 00:01:59]} 32.
Bd3 {[%clk 01:05:48]} {[%emt 00:04:11]} Bxd3 {[%clk 00:51:58]} {[%emt
00:02:49]} 33. Rxd3 {[%clk 01:06:03]} {[%emt 00:00:15]} Rc6 {[%clk 00:50:39]}
{[%emt 00:01:48]} 34. Qd1 {[%clk 01:03:49]} {[%emt 00:02:42]} a5 {[%clk
00:46:24]} {[%emt 00:04:47]} 35. Rd2 {[%clk 01:02:38]} {[%emt 00:01:39]} Re6
{[%clk 00:45:19]} {[%emt 00:01:36]} 36. Re2 {[%clk 01:02:21]} {[%emt 00:00:47]}
f5 {[%clk 00:45:25]} {[%emt 00:00:26]} 37. Qd3 {[%clk 01:01:11]} {[%emt
00:01:36]} Rc6 {[%clk 00:44:46]} {[%emt 00:01:11]} 38. g3 {[%clk 00:57:39]}
{[%emt 00:04:04]} Qh3 {[%clk 00:43:38]} {[%emt 00:01:37]} 39. Rg2 {[%clk
00:56:22]} {[%emt 00:01:47]} a4 {[%clk 00:40:54]} {[%emt 00:03:16]} 40. Qd2
{[%clk 00:52:21]} {[%emt 00:04:29]} b4 {[%clk 00:40:33]} {[%emt 00:00:51]} 41.
Re2 {[%clk 00:50:35]} {[%emt 00:02:09]} b3 {[%clk 00:39:23]} {[%emt 00:01:49]}
42. axb3 {[%clk 00:50:27]} {[%emt 00:00:37]} axb3 {[%clk 00:39:25]} {[%emt
00:00:28]} 43. Qd1 {[%clk 00:49:51]} {[%emt 00:01:04]} g5 {[%clk 00:36:21]}
{[%emt 00:03:36]} 44. Rd2 {[%clk 00:48:14]} {[%emt 00:02:06]} f4 {[%clk
00:32:36]} {[%emt 00:04:16]} 45. exf4 {[%clk 00:42:26]} {[%emt 00:06:19]} gxf4
{[%clk 00:32:26]} {[%emt 00:00:42]} 46. Qxb3 {[%clk 00:35:40]} {[%emt
00:07:14]} fxg3 {[%clk 00:31:52]} {[%emt 00:01:04]} 47. Qb8+ {[%clk 00:35:31]}
{[%emt 00:00:40]} Rc8 {[%clk 00:30:59]} {[%emt 00:01:22]} 48. Qe5+ {[%clk
00:35:31]} {[%emt 00:00:29]} Kh7 {[%clk 00:30:04]} {[%emt 00:01:26]} 49. Qe7+
{[%clk 00:20:11]} {[%emt 00:15:51]} Kh8 {[%clk 00:28:16]} {[%emt 00:02:16]} 50.
Qf6+ {[%clk 00:12:31]} {[%emt 00:08:10]} Kg8 {[%clk 00:26:19]} {[%emt
00:02:26]} *